Land reform in three communities of Cochabamba, Bolivia (Record no. 38349)
[ view plain ]
| 000 -CABECERA | |
|---|---|
| campo de control de longitud fija | 00967nam a22003017a 4500 |
| 003 - IDENTIFICADOR DEL NÚMERO DE CONTROL | |
| campo de control | CHAP |
| 005 - FECHA Y HORA DE LA ÚLTIMA TRANSACCIÓN | |
| campo de control | 20220329135541.0 |
| 008 - DATOS DE LONGITUD FIJA--INFORMACIÓN GENERAL | |
| campo de control de longitud fija | 971013s1971 r 00010 d |
| 010 ## - NÚMERO DE CONTROL DE LA BIBLIOTECA DEL CONGRESO | |
| Número de control de LC | 38349 |
| 011 ## - ENLACE DEL NUMERO DE CONTROL DE LA BIBLIOTECA DEL CONGRESO [OBSOLETO] | |
| Número de control de LC | 39321 |
| 035 ## - NÚMERO DE CONTROL DEL SISTEMA | |
| Número de control de sistema | 43441 |
| 040 ## - FUENTE DE LA CATALOGACIÓN | |
| Centro/agencia transcriptor | CHAP |
| 082 ## - NÚMERO DE LA CLASIFICACIÓN DECIMAL DEWEY | |
| Número de clasificación | 333 |
| Número de documento/Ítem | P45 |
| 100 00 - ENTRADA PRINCIPAL--NOMBRE DE PERSONA | |
| Nombre de persona | Peinado Sotomayor, Marcelo. |
| 9 (RLIN) | 86593 |
| 245 ## - MENCIÓN DE TÍTULO | |
| Título | Land reform in three communities of Cochabamba, Bolivia |
| 260 ## - PUBLICACIÓN, DISTRIBUCIÓN, ETC. | |
| Lugar de publicación, distribución, etc. | Madison, Wis. : |
| Nombre del editor, distribuidor, etc. | Land Tenure Center, |
| Fecha de publicación, distribución, etc. | 1971 |
| 300 ## - DESCRIPCIÓN FÍSICA | |
| Extensión | 100 p. |
| 490 ## - MENCIÓN DE SERIE | |
| Mención de serie | Research paper |
| Designación de volumen o secuencia | ; 44 |
| 590 ## - NOTA LOCAL (RLIN) | |
| Nota local | BATCH-UPD |
| Procedencia (VM) [OBSOLETO] | 10 |
| Condición del los carretes individuales (VM) [OBSOLETO] | 20130110 |
| -- | UCH01 |
| -- | 2204 |
| 590 ## - NOTA LOCAL (RLIN) | |
| Nota local | CONVERSION |
| Procedencia (VM) [OBSOLETO] | 10 |
| Condición del los carretes individuales (VM) [OBSOLETO] | 20130109 |
| -- | UCH01 |
| -- | 1321 |
| 650 14 - PUNTO DE ACCESO ADICIONAL DE MATERIA--TÉRMINO DE MATERIA | |
| Término de materia o nombre geográfico como elemento de entrada | Reforma agraria |
| Subdivisión general | Bolivia. |
| 9 (RLIN) | 95530 |
| 710 ## - PUNTO DE ACCESO ADICIONAL--NOMBRE DE ENTIDAD CORPORATIVA | |
| Nombre de entidad corporativa o nombre de jurisdicción como elemento de entrada | Land Tenure Center. Madison, Wis. |
| 9 (RLIN) | 64637 |
| 830 0# - PUNTO DE ACCESO ADICIONAL DE SERIE-TÍTULO UNIFORME | |
| Título uniforme | Research paper |
| Designación de volumen o secuencia | ; 44 |
| 9 (RLIN) | 96073 |
| 901 ## - ELEMENTOS DE DATOS A LOCAL LDA (RLIN) | |
| a | BK |
| 942 ## - ELEMENTOS DE PUNTO DE ACCESO ADICIONAL (KOHA) | |
| Tipo de ítem Koha | Libro |
| 949 ## - PROCESAMIENTO DE INFORMACIÓN LOCAL (OCLC) | |
| a | 333 P45 |
| b | BC |
| c | LIBRO |
| d | 33724000315990 |
| e | LIBRO |
| h | 35155 |
| i | 43441 |
| m | D |
| s | i |
| 949 ## - PROCESAMIENTO DE INFORMACIÓN LOCAL (OCLC) | |
| a | 333 P45 |
| b | BC |
| c | LIBRO |
| d | 33724002205116 |
| e | LIBRO |
| f | c.2 |
| h | 35156 |
| i | 43441 |
| m | D |
| s | i |
| Estado de retiro | Estado de pérdida | Fuente del sistema de clasificación o colocación | Estado dañado | Restricciones de uso | No para préstamo | Código de colección | Localización permanente | Ubicación/localización actual | Ubicación en estantería | Fecha de adquisición | Información codificada de la localización en otra ubicación | Total de préstamos | Signatura topográfica completa | Código de barras | Fecha visto por última vez | Precio válido a partir de | Tipo de ítem Koha | Número de copia |
|---|---|---|---|---|---|---|---|---|---|---|---|---|---|---|---|---|---|---|
| Dewey Decimal Classification | Préstamo 15 días | General | Biblioteca Central | Biblioteca Central | Planta alta - Colección General | 31/12/2019 | LIBRO | 333 P45 | 33724000315990 | 31/12/2019 | 31/12/2019 | Libro | ||||||
| Dewey Decimal Classification | Préstamo 15 días | General | Biblioteca Central | Biblioteca Central | Planta alta - Colección General | 31/12/2019 | LIBRO | 333 P45 | 33724002205116 | 31/12/2019 | 31/12/2019 | Libro | c.2 |
